[Event "Czech Open G1 Rapid 2013"]
[Site "Pardubice CZE"]
[Date "2013.07.18"]
[Round "4.10"]
[White "Kononenko,Dmitry1"]
[Black "Mozharov,M"]
[Result "0-1"]
[WhiteElo "2610"]
[BlackElo "2495"]

1.d4 d5 2.c4 dxc4 3.e4 e5 4.Nf3 exd4 5.Bxc4 Nc6 6.O-O Be6 7.Bxe6 fxe6 8.Qb3 Qd7
9.Qxb7 Rb8 10.Qa6 Nge7 11.a3 Ng6 12.b4 Be7 13.Nbd2 O-O 14.Bb2 e5 15.Rac1 Nd8
16.Qc4+ Ne6 17.g3 Kh8 18.Ne1 a5 19.Qd5 Bd6 20.Qxa5 Ng5 21.Qa6 c5 22.Nd3 cxb4
23.axb4 Rf6 24.Qc4 Qh3 25.f3 Rbf8 26.b5 Qh5 27.Ne1 Ne7 28.Rc2 Rh6 29.Qe2 Bb4
30.h4 Ne6 31.Nd3 Bd6 32.Nc4 Bb8 33.Ba3 Re8 34.Bxe7 Rxe7 35.Nb6 Re8 36.Nd5 Rg6
37.Kh2 Nf4 38.N5xf4 exf4 39.g4 Rxg4  0-1

[Event "Czech Open G1 Rapid 2013"]
[Site "Pardubice CZE"]
[Date "2013.07.18"]
[Round "8.5"]
[White "Stocek,J"]
[Black "Lintchevski,D"]
[Result "1/2-1/2"]
[WhiteElo "2576"]
[BlackElo "2529"]

1.d4 d5 2.c4 dxc4 3.e4 Nf6 4.e5 Nd5 5.Bxc4 Nb6 6.Bd3 Nc6 7.Ne2 Bg4 8.Be3 e6
9.Nbc3 Nb4 10.Be4 c6 11.f3 Bh5 12.h4 Be7 13.Bf2 f5 14.exf6 gxf6 15.a3 N4d5
16.g4 Bf7 17.Qc2 h6 18.Bg6 Bxg6 19.Qxg6+ Kd7 20.O-O-O Qg8 21.Qc2 Re8 22.Ne4 Kc8
23.Nc5 Bxc5 24.dxc5 Nd7 25.Ng3 Kb8 26.Ne4 Re7 27.Nd6 Nf8 28.Rhe1 e5 29.Bg3 Ne6
30.Re4 Rd7 31.b4 Qd8 32.Kb2 Ka8 33.Qc4 Rxd6 34.cxd6 Qxd6 35.Rc1 Nb6 36.Qb3 Nd4
37.Qd3 Qd5 38.g5 hxg5 39.hxg5 Rh3 40.Rh4 Rxh4 41.Bxh4 fxg5 42.Bxg5 Nxf3 43.Qxd5 Nxd5
44.Rh1 Kb8 45.Bh4 e4 46.Bg3+ Kc8 47.Rh8+ Kd7 48.Rh7+ Kc8 49.Rh8+ Kd7 50.Rh7+ Kc8  1/2-1/2

[Event "7th LCT 2013"]
[Site "Leiden NED"]
[Date "2013.07.19"]
[Round "7.1"]
[White "Epishin,V"]
[Black "Sengupta,D"]
[Result "0-1"]
[WhiteElo "2598"]
[BlackElo "2555"]

1.d4 d5 2.c4 dxc4 3.e4 Nc6 4.Nf3 Bg4 5.Bxc4 Bxf3 6.Qxf3 e6 7.d5 Ne5 8.Bb5+ c6
9.Qc3 cxb5 10.Qxe5 Qd6 11.Qxd6 Bxd6 12.Nc3 a6 13.dxe6 fxe6 14.Bd2 Nf6 15.f3 Rc8
16.Ke2 Kf7 17.Rac1 Nh5 18.g3 b4 19.Na4 Bxg3 20.hxg3 Nxg3+ 21.Ke3 Nxh1 22.Rxh1 b5
23.Nb6 Rc2 24.Bxb4 Rxb2 25.a3 Rb3+ 26.Kf4 a5 27.Bxa5 Rxa3 28.Bb4 Rb3 29.Bc5 Rd8
30.Rxh7 Rc3 31.Bb4 Rc6 32.Ba5 Rdd6 33.Na8 Kg8 34.Rh5 Ra6 35.Bb4 Rdc6 36.Rxb5 Rxa8
37.Rb7 Raa6 38.Rd7 Rab6 39.Ba5 Rb5 40.Bc7 Rb7 41.Rd8+ Kh7 42.Bd6 Rc3 43.Ke5 Rxf3
44.Kxe6 g5 45.e5 g4 46.Be7 Rb6+ 47.Rd6 Rfb3 48.Bd8 Rb7 49.Bf6 Kg6 50.Rd8 Rb8
51.Rd7 Re8+ 52.Be7 g3 53.Rd6 Rb7  0-1

[Event "22nd Open ch-MKD"]
[Site "Struga MKD"]
[Date "2013.07.20"]
[Round "8.10"]
[White "Gjorgjieski,D"]
[Black "Tuzi,Bruna"]
[Result "1-0"]
[WhiteElo "2201"]
[BlackElo "1643"]

1.d4 d5 2.c4 dxc4 3.e4 e5 4.d5 Nf6 5.Nc3 c6 6.Bg5 cxd5 7.exd5 Be7 8.Bxf6 Bxf6
9.Bxc4 O-O 10.Nge2 Bg4 11.O-O Nd7 12.Bb3 Nb6 13.Qd3 Bxe2 14.Qxe2 Nc8 15.Rad1 Nd6
16.Rd3 Rc8 17.Qg4 g6 18.Rh3 Bg7 19.Qe2 Nf5 20.Qb5 Nd6 21.Qa4 a6 22.Qb4 b5
23.Qg4 a5 24.Qe2 Qb6 25.a4 b4 26.Ne4 Nxe4 27.Qxe4 Qd6 28.Bc4 Qc5 29.Qh4 h6
30.b3 Qd6 31.Qg4 Rcd8 32.Rg3 Qd7 33.Qe4 f5 34.Qh4 f4 35.Rxg6 Qf5 36.Qxh6 Rd6  1-0

[Event "7th LCT 2013"]
[Site "Leiden NED"]
[Date "2013.07.21"]
[Round "9.23"]
[White "Van Halderen,H"]
[Black "Serdijn,A"]
[Result "1-0"]
[WhiteElo "2071"]
[BlackElo "2048"]

1.d4 d5 2.c4 dxc4 3.e4 e5 4.Nf3 exd4 5.Bxc4 Nc6 6.O-O Bc5 7.Qb3 Qd7 8.Bd2 a6
9.Qc2 Qe7 10.b3 Bg4 11.Bd5 Bxf3 12.Bxc6+ bxc6 13.gxf3 Qd6 14.Kh1 Ne7 15.b4 Bb6
16.Rg1 O-O 17.Qd3 c5 18.bxc5 Bxc5 19.Bg5 Ng6 20.Nd2 h6 21.Nc4 Qe6 22.Bd2 Be7
23.Rg2 Qh3 24.Rg3 Qh5 25.Rag1 Rfd8 26.f4 Bf8 27.f5 Nh4 28.Rg4 Kh8 29.f4 Rab8
30.Be1 Be7 31.Bxh4 Bxh4 32.Qh3 g5 33.fxg6 fxg6 34.Rxh4 Qe2 35.Rxh6+ Kg7 36.Rgxg6+ Kf8
37.Qf5+  1-0

[Event "Lueneburg Open 2013"]
[Site "Lueneburg GER"]
[Date "2013.07.21"]
[Round "7.2"]
[White "Kopylov,M"]
[Black "Karpatchev,A"]
[Result "0-1"]
[WhiteElo "2454"]
[BlackElo "2484"]

1.d4 d5 2.c4 dxc4 3.e4 Nc6 4.Be3 Nf6 5.Nc3 e5 6.d5 Na5 7.Qa4+ c6 8.dxc6 Nxc6
9.Bxc4 Bb4 10.Nf3 O-O 11.O-O Bxc3 12.bxc3 Nxe4 13.Bxf7+ Rxf7 14.Qxe4 Bf5
15.Qa4 h6 16.Rfe1 Qf6 17.Nd2 Qg6 18.Nf1 Bd3 19.Ng3 e4 20.Rad1 Rd8 21.Ne2 Rdf8
22.Bc5 e3 23.fxe3 Bxe2 24.Rxe2 Qh5 25.Qc4 Ne5 26.g4 Qh3 27.Qd5 Rc8 28.Bd6 Rd8
29.c4 Nxg4 30.Qe6 Qf3 31.Rde1 Nf2 32.Bg3 Nd3 33.c5 Nxe1 34.Rf2 Qd5 35.Qxd5 Rxd5
36.Rxf7 Kxf7 37.Bxe1 Rxc5  0-1

[Event "15th TCh-Eur Senior"]
[Site "Dresden GER"]
[Date "2013.07.22"]
[Round "3"]
[White "Donchenko,An"]
[Black "Westerinen,H"]
[Result "1/2-1/2"]
[WhiteElo "2353"]
[BlackElo "2286"]

1.d4 d5 2.c4 dxc4 3.e4 e5 4.Nf3 Nf6 5.Bxc4 Nxe4 6.O-O Nd6 7.Bb3 e4 8.Ng5 Be7
9.Nh3 Bxh3 10.gxh3 Qd7 11.Qg4 Nc6 12.Be3 O-O-O 13.Qxd7+ Rxd7 14.Nc3 Na5 15.Bd5 c6
16.Bxe4 Nxe4 17.Nxe4 Nc4 18.b3 Nxe3 19.fxe3 Ba3 20.Rf3 Re8 21.Nd2 b5 22.Rd1 f6
23.Nb1 Bb4 24.Kf2 Bd6 25.Kg2 Rde7 26.Rd3 f5 27.Nc3 a6 28.a4 g6 29.d5 b4  1/2-1/2

[Event "Maccabiah GM2 2013"]
[Site "Jerusalem ISR"]
[Date "2013.07.22"]
[Round "2.1"]
[White "Golod,V"]
[Black "Vasiliev,Olg"]
[Result "1-0"]
[WhiteElo "2578"]
[BlackElo "2296"]

1.d4 d5 2.c4 dxc4 3.e4 Nc6 4.Nf3 Bg4 5.d5 Ne5 6.Bf4 Ng6 7.Be3 Nf6 8.Nc3 e5
9.Bxc4 a6 10.Be2 Bd6 11.O-O O-O 12.Nd2 Bxe2 13.Qxe2 b5 14.a3 Qd7 15.h3 Ne8
16.b4 f5 17.exf5 Qxf5 18.Qg4 Qf7 19.Nde4 Nf6 20.Qd1 Nf4 21.Ng5 Qg6 22.Bxf4 exf4
23.Ne6 Rf7 24.Re1 Nd7 25.Qg4 Qxg4 26.hxg4 f3 27.Ne4 Ne5 28.N4g5 Rf6 29.Ne4 Rf7
30.Nxd6 cxd6 31.a4 bxa4 32.Rxa4 fxg2 33.Kxg2 Nxg4 34.b5 Nf6 35.Rc1 Rb7 36.bxa6 Rb6
37.a7 Nxd5 38.Rc7 Nxc7 39.Nxc7 Rc8 40.a8=Q Rxa8 41.Rxa8+ Kf7 42.Ra7 Rc6 43.Nd5+ Ke6
44.Nc7+ Kf7 45.Nb5+ Kf6 46.Rd7 Rc5 47.Nc7 Rg5+ 48.Kf1 Re5 49.Rxd6+ Kf7 50.Nd5 h5
51.Ne3 g6 52.Kg2 Re4 53.Kf3 Ra4 54.Rb6 Kg7 55.Nd5 g5 56.Nc7 Rf4+ 57.Ke3 Kh7
58.Rb5 Kh6 59.Ne6 Rg4 60.Rb7 Ra4 61.Rb6 Rh4 62.Nd4+ Kh7 63.Nf5 Rh3+ 64.Ke4 g4
65.Kf4 g3 66.fxg3 h4 67.Kg5 hxg3 68.Rb7+ Kg8 69.Kg6  1-0

[Event "Biel MTO 2013"]
[Site "Biel SUI"]
[Date "2013.07.23"]
[Round "2.3"]
[White "Smeets,J"]
[Black "Raetsky,A"]
[Result "1-0"]
[WhiteElo "2643"]
[BlackElo "2412"]

1.d4 d5 2.c4 dxc4 3.e4 Nf6 4.e5 Nd5 5.Bxc4 Nb6 6.Bd3 Nc6 7.Ne2 Bg4 8.f3 Be6
9.Nbc3 Qd7 10.Ne4 Rd8 11.Nc5 Qc8 12.O-O Bd5 13.a3 e6 14.Qc2 h6 15.b4 a6 16.Be3 Bxc5
17.bxc5 Nd7 18.Nf4 Ne7 19.Qf2 g6 20.Rab1 Nb8 21.Qb2 Bc6 22.Be4 Nf5 23.Bxf5 gxf5
24.Qf2 Bb5 25.Rfd1 Nc6 26.Nh5  1-0

[Event "Caissa GM July 2013"]
[Site "Kecskemet HUN"]
[Date "2013.07.24"]
[Round "7.3"]
[White "Ilincic,Z"]
[Black "Estrada Nieto,J"]
[Result "1-0"]
[WhiteElo "2426"]
[BlackElo "2262"]

1.d4 d5 2.c4 dxc4 3.e4 Nf6 4.f3 e5 5.dxe5 Qxd1+ 6.Kxd1 Nfd7 7.f4 Nc5 8.Nc3 Bg4+
9.Nf3 Nc6 10.Bxc4 Nd4 11.h3 Bxf3+ 12.gxf3 O-O-O 13.Rb1 Nxf3+ 14.Ke2 Nd4+
15.Kf2 f6 16.exf6 gxf6 17.b4 Nd7 18.Rd1 Nb6 19.Bf7 Nc6 20.a3 Rxd1 21.Nxd1 a5
22.bxa5 Nxa5 23.Ne3 Bc5 24.Rb5 Bxe3+ 25.Bxe3 Nac4 26.Bc5 Rd8 27.Be6+ Kb8
28.Bxb6 Nd6 29.Bxc7+ Kxc7 30.Rb4 Re8 31.Bd5 b5 32.a4 bxa4 33.Rxa4 Kb6 34.Kf3 Kc5
35.Ra5+ Kd4 36.Bc6 Re6 37.Rd5+ Kc4 38.Bd7  1-0

[Event "31st Andorra Open"]
[Site "La Massana AND"]
[Date "2013.07.24"]
[Round "5.13"]
[White "Gozzoli,Y"]
[Black "Ballester Llagaria,L"]
[Result "1-0"]
[WhiteElo "2523"]
[BlackElo "2259"]

1.d4 d5 2.c4 dxc4 3.e4 e5 4.Nf3 exd4 5.Bxc4 Nc6 6.O-O Be6 7.Nbd2 Nf6 8.Qb3 Qd7
9.Bxe6 fxe6 10.Qxb7 Rb8 11.Qa6 Bd6 12.Qe2 e5 13.Ne1 O-O 14.Nd3 Nb4 15.Nxb4 Rxb4
16.b3 Rbb8 17.Nc4 Qb5 18.Bd2 Nd7 19.Rfc1 Nb6 20.Qf1 Nxc4 21.Qxc4+ Kh8 22.Qxb5 Rxb5
23.Rc4 Rc5 24.Rac1 Rxc4 25.Rxc4 Rb8 26.Ra4 Rb7 27.g3 Kg8 28.f4 Kf7 29.Kf2 Ke6
30.Ra6 Kd7 31.Ke2 Ke7 32.Kd3 Kd7 33.Ra5 exf4 34.gxf4 c5 35.e5 Bc7 36.Rxc5 Bb6
37.Rd5+ Ke6 38.Ke4 g6 39.Rd6+ Kf7 40.f5 gxf5+ 41.Kxf5 Rc7 42.Bg5 Rc2 43.Rd7+  1-0

[Event "Caissa GM July 2013"]
[Site "Kecskemet HUN"]
[Date "2013.07.25"]
[Round "9.3"]
[White "Fernandez,Dan SIN"]
[Black "Estrada Nieto,J"]
[Result "1-0"]
[WhiteElo "2346"]
[BlackElo "2262"]

1.d4 d5 2.c4 dxc4 3.e4 Nf6 4.Nc3 e5 5.Nf3 exd4 6.Qxd4 Qxd4 7.Nxd4 a6 8.Bxc4 Bb4
9.f3 O-O 10.Bf4 b5 11.Be2 c5 12.Nc2 Nc6 13.Nxb4 cxb4 14.Nd1 Nd4 15.Ne3 Be6
16.Bd6 Rfc8 17.Bxb4 Nc2+ 18.Nxc2 Rxc2 19.b3 a5 20.Be7 a4 21.Kf2 Rac8 22.bxa4 bxa4
23.a3 Bc4 24.Rhe1 Ba6 25.Rad1 Nh5 26.g3 h6 27.Bb4 Nf6 28.Ke3 Bxe2 29.Rxe2 R2c7
30.Red2 Kh7 31.Rd8 Rxd8 32.Rxd8 Rc2 33.e5 Ng8 34.Rf8 Rc7 35.Ra8 h5 36.Rxa4 Rc2
37.h3 Rh2 38.Ra7 Kg6 39.h4 Nh6 40.Kf4 Rc2 41.Ra6+ Kh7 42.e6 Rc4+ 43.Ke5 fxe6
44.Kxe6 Rc2 45.Ra5 Re2+ 46.Re5 Rf2 47.Rxh5 Rxf3 48.Bd6 Re3+ 49.Re5 Rxg3 50.Rg5 Re3+
51.Be5 g6 52.Rg3 Re4 53.h5 Ng4 54.hxg6+ Kxg6 55.Kd6 Ra4 56.Bc3 Rxa3 57.Rxg4+ Kf5
58.Rc4 Ra6+ 59.Kd5 Ra8 60.Bb4 Ra1 61.Rc2 Rd1+ 62.Bd2 Kg4 63.Ke4 Ra1 64.Be3 Ra4+
65.Bd4 Ra3 66.Rc1 Rb3 67.Bc3 Kg3 68.Rg1+ Kf2 69.Bd4+ Ke2 70.Rg2+ Kf1 71.Rc2 Rh3
72.Be3 Rh8 73.Kd3 Ra8 74.Rf2+ Ke1 75.Rg2 Ra3+ 76.Ke4 Kf1 77.Rc2 Ra8 78.Kf3 Rf8+
79.Bf4 Re8 80.Ra2 Re7 81.Rh2 Kg1 82.Rh8 Rf7 83.Rc8  1-0

[Event "28th Avoine Open"]
[Site "Avoine FRA"]
[Date "2013.07.27"]
[Round "8.25"]
[White "Masset,J"]
[Black "Peric,Sl"]
[Result "0-1"]
[WhiteElo "2053"]
[BlackElo "2218"]

1.d4 d5 2.c4 dxc4 3.e4 e6 4.Nc3 a6 5.Nf3 c5 6.d5 b5 7.a4 b4 8.Nb1 exd5 9.exd5 Nf6
10.Bxc4 Bd6 11.O-O O-O 12.Bg5 Nbd7 13.Nbd2 Re8 14.Re1 Rxe1+ 15.Qxe1 Qc7 16.Ne4 Nxe4
17.Qxe4 Nf8 18.Re1 Bd7 19.b3 Re8 20.Qb1 Rxe1+ 21.Qxe1 a5 22.h3 Ng6 23.Qe4 h6
24.Be3 Qd8 25.Kf1 Qf6 26.Qc2 Bxh3 27.Bd3 Qxf3 28.gxh3 Qxh3+ 29.Ke1 Ne5  0-1

[Event "ch-AUT 2013"]
[Site "Feldkirch AUT"]
[Date "2013.07.28"]
[Round "9.21"]
[White "Proyer,E"]
[Black "Bahl,Felix"]
[Result "1/2-1/2"]
[WhiteElo "1911"]
[BlackElo "2005"]

1.d4 d5 2.c4 dxc4 3.e4 e5 4.Nf3 exd4 5.Bxc4 Bb4+ 6.Bd2 Bxd2+ 7.Nbxd2 Nc6
8.O-O Qe7 9.Nb3 Bg4 10.Bb5 Bd7 11.Nbxd4 Nxd4 12.Bxd7+ Qxd7 13.Qxd4 Qxd4 14.Nxd4 O-O-O
15.Rfd1 Ne7 16.f3 Rd7 17.Nb5 Rxd1+ 18.Rxd1 a6 19.Nc3 Rd8 20.Rxd8+ Kxd8 21.Kf2 Kd7
22.Ke3 Kd6 23.Kd3 Kd7 24.Ke3 Kd6 25.Kd3 Kd7 26.Ke3 Kd6 27.Kd3 Kd7 28.Ke3 Kd6
29.Kd3 Kd7 30.Ke3 Kd6 31.Kd3  1/2-1/2

[Event "Politiken Cup 2013"]
[Site "Helsingor DEN"]
[Date "2013.07.28"]
[Round "3.61"]
[White "Pettersen,J"]
[Black "Eriksson,C"]
[Result "0-1"]
[WhiteElo "1944"]
[BlackElo "2143"]

1.d4 d5 2.c4 dxc4 3.e4 Nf6 4.Nc3 e5 5.d5 c6 6.Bxc4 b5 7.Bb3 b4 8.Na4 cxd5
9.exd5 Bd6 10.Bg5 O-O 11.Ne2 h6 12.Bh4 Nbd7 13.O-O Ba6 14.Rc1 Bb5 15.Re1 Rc8
16.Ng3 Qa5 17.Rxc8 Rxc8 18.Nf5 Qa6 19.h3 Kh7 20.Bg3 g6 21.Nxd6 Qxd6 22.Qd4 exd4
23.Bxd6 a5 24.Bf4 Bxa4 25.Bxa4 Nb6 26.Bd1 Nfxd5 27.Re4 d3 28.Bd2 f5 29.Rd4 Nf6
30.Rxd3 Nc4 31.Bc1 Ne5 32.Rd2 Rxc1 33.Kh2 Rc7 34.Re2 Nf7 35.Ba4 Kg7 36.Re6 Ra7
37.Rc6 Ne4 38.f3 Nf6 39.g4 Ne5 40.Rc5 Nxf3+ 41.Kh1 fxg4 42.hxg4 Nxg4 43.Kg2 Ng5
44.Rc6 Nf6  0-1

[Event "Biel MTO 2013"]
[Site "Biel SUI"]
[Date "2013.07.29"]
[Round "7.17"]
[White "Burnier,D"]
[Black "Donchenko,Alexa"]
[Result "1/2-1/2"]
[WhiteElo "2347"]
[BlackElo "2477"]

1.d4 d5 2.c4 dxc4 3.e4 e5 4.Nf3 Bb4+ 5.Bd2 Bxd2+ 6.Qxd2 exd4 7.Qxd4 Nf6 8.Nc3 Be6
9.Qxd8+ Kxd8 10.Nd4 Nc6 11.Nxc6+ bxc6 12.Be2 Nd7 13.f4 f6 14.O-O-O Ke7 15.Rd2 g5
16.e5 fxe5 17.fxg5 Rag8 18.Ne4 h6 19.Rhd1 Nb6 20.h4 hxg5 21.hxg5 Rg6 22.Bf3 Nd5
23.Re1 Nb4 24.Nc5 Rxg5 25.a3 Nd5 26.Rde2 Bc8 27.Ne4 Rf5 28.Ng3 Rg5 29.Ne4 Rf5  1/2-1/2

[Event "9th Tabor Open 2013"]
[Site "Tabor CZE"]
[Date "2013.07.29"]
[Round "2.9"]
[White "Matejka,R"]
[Black "Westerinen,H"]
[Result "0-1"]
[WhiteElo "2020"]
[BlackElo "2286"]

1.d4 d5 2.c4 dxc4 3.e4 e5 4.Nf3 Nf6 5.Nc3 exd4 6.Qxd4 Qxd4 7.Nxd4 Bc5 8.Be3 Ng4
9.Bxc4 c6 10.Ke2 Nxe3 11.Kxe3 O-O 12.Ne2 Nd7 13.f4 Nb6 14.Rac1 Nxc4+ 15.Rxc4 Bb6
16.Kf3 Bd7 17.b4 Rfd8 18.a4 h5 19.h3 Be6 20.Rc5 Bxc5 21.bxc5 Bc4 22.Nf5 Rd3+
23.Kf2 Rd2 24.Nd4 Rd8 25.Ke3 Rd3+ 26.Kf2 R8xd4  0-1

[Event "100th ch-GBR 2013"]
[Site "Torquay ENG"]
[Date "2013.07.29"]
[Round "1.21"]
[White "Fernandez,Dan SIN"]
[Black "Bonafont,P"]
[Result "1-0"]
[WhiteElo "2346"]
[BlackElo "2084"]

1.d4 d5 2.c4 dxc4 3.e4 e5 4.Nf3 exd4 5.Bxc4 Nc6 6.Qb3 Bb4+ 7.Bd2 Bxd2+ 8.Nbxd2 Qf6
9.O-O Nge7 10.e5 Qg6 11.e6 Bxe6 12.Qxb7 O-O 13.Qxc7 Rad8 14.Bxe6 Qxe6 15.Rfe1 Qd7
16.Qxd7 Rxd7 17.Rac1 Rfd8 18.a3 a5 19.h4 Kf8 20.Kh2 h5 21.Ng5 Rd5 22.b3 g6
23.Ngf3 R8d7 24.Rc4 Kg7 25.Re4 R7d6 26.Rf4 f6 27.Re4 Kf7 28.Re1 Re6 29.Rec1 Ke8
30.Kg1 Kd7 31.b4 axb4 32.axb4 Nf5 33.Nb3 Red6 34.Nfd2 Nce7 35.Rc7+ Kd8 36.Ra7 Ke8
37.Nc5 Rb6 38.Nd3 Rd7 39.Ra8+ Kf7 40.g3 Nd5 41.Nc4 Rb5 42.Ra5 Nc3 43.Rca1 Rb8
44.Ra7 Rbb7 45.R7a6 Re7 46.Kg2 Nd5 47.Rb1 Nc3 48.Rb2 Rec7 49.Nc5 Rb5 50.Ra5 Rxa5
51.Nxa5 Ke7 52.Nd3 Nd6 53.Nf4 Kf7 54.Nb3 Ndb5 55.Rd2 Rc4 56.Nd3 Nd5 57.Ra2 Rc3
58.Ndc5 Nxb4 59.Ra5 Nd6 60.Nxd4 Nd3 61.Ra7+ Ke8 62.Nce6 Ne5 63.Nc7+ Kf8 64.Nd5 Rc8
65.Ne6+ Kg8 66.Nxf6+  1-0

[Event "Biel MTO 2013"]
[Site "Biel SUI"]
[Date "2013.08.01"]
[Round "10.10"]
[White "Ganguly,S"]
[Black "Raetsky,A"]
[Result "1/2-1/2"]
[WhiteElo "2628"]
[BlackElo "2412"]

1.d4 d5 2.c4 dxc4 3.e4 Nc6 4.Nf3 Bg4 5.d5 Ne5 6.Bf4 Ng6 7.Be3 e5 8.Bxc4 Nf6
9.Nbd2 a6 10.h3 Bd7 11.O-O Bd6 12.Re1 O-O 13.Bd3 Nh5 14.g3 Nf6 15.Kg2 Qe7
16.Nc4 b5 17.Nxd6 cxd6 18.Qd2 Rfc8 19.Bb6 h6 20.Qe3 Ne8 21.Ba5 Qf8 22.Rac1 f5
23.Rxc8 Rxc8 24.Qa7 Nf6 25.exf5 Ne7 26.Bd2 Nexd5  1/2-1/2

[Event "Politiken Cup 2013"]
[Site "Helsingor DEN"]
[Date "2013.08.02"]
[Round "8.60"]
[White "Andersen,So2"]
[Black "Greeuw,S"]
[Result "1-0"]
[WhiteElo "2115"]
[BlackElo "1971"]

1.d4 d5 2.c4 dxc4 3.e4 Nc6 4.Nf3 Bg4 5.d5 Ne5 6.Bf4 Ng6 7.Be3 Nf6 8.Nc3 e5
9.Bxc4 Bd6 10.h3 Bd7 11.Qb3 O-O 12.O-O a5 13.Rfe1 Qe7 14.Rac1 a4 15.Qc2 Bb4
16.Bg5 h6 17.d6 Bxd6 18.Nd5 Qd8 19.Nxf6+ gxf6 20.Bxh6 Re8 21.Red1 Qe7 22.a3 Kh7
23.Be3 Rg8 24.Qe2 Kg7 25.Nh2 Kf8 26.Bb5 Nf4 27.Bxf4 exf4 28.Bxd7 Qxd7 29.Qf3 Ra5
30.Ng4 Qe6 31.Rd5 Rxd5 32.exd5 Qe7 33.Nh2 Qe5 34.Rc2 Qe1+ 35.Nf1 Qe5 36.Re2 Qf5
37.Nd2 Qg5 38.Re4 b5 39.Re2 Qf5 40.Qe4 Qd7 41.Nf3 Rg6 42.Nd4 Rg5 43.Qh7 Be7
44.Qh8+ Rg8 45.Qh6+ Rg7 46.Rxe7 Kxe7 47.Qxg7 Qxd5 48.Nf3 Qb3 49.Qh7 Qxb2
50.Qe4+ Kf8 51.Qb4+ Qxb4 52.axb4 c5 53.bxc5 b4 54.Nd2 Ke7 55.h4 a3 56.h5  1-0

[Event "XXII TCh-MKD 2013"]
[Site "Struga MKD"]
[Date "2013.08.02"]
[Round "5.1"]
[White "Tomashevsky,E"]
[Black "Delchev,A"]
[Result "1/2-1/2"]
[WhiteElo "2709"]
[BlackElo "2614"]

1.d4 d5 2.c4 dxc4 3.e4 Nc6 4.d5 Ne5 5.Nf3 Bg4 6.Bf4 Ng6 7.Be3 Nf6 8.Bxc4 Nxe4
9.h3 Bd7 10.O-O Nd6 11.Bb3 Nf5 12.Nc3 e5 13.dxe6 fxe6 14.Ne4 Be7 15.Nd4 Nxd4
16.Bxd4 O-O 17.Re1 Kh8 18.Nc5 Bxc5 19.Bxc5 Rf5 20.Be3 Ne7 21.Bc2 Rd5 22.Qg4 Nf5
23.Be4 Rb5 24.Rad1 Nd6 25.Bc2 e5 26.Qh5 e4 27.Rd5 Rxd5 28.Qxd5 Bc6 29.Qc5 Qf8
30.Bd2 a6 31.Ba5 Qf7 32.b3 Rf8 33.Bd2 Re8 34.Qe3 Kg8 35.Bc3 Bd5 36.Bd1 c6
37.Bg4 Qg6 38.Qf4 Rf8 39.Qe5 Re8 40.Qf4  1/2-1/2

[Event "100th ch-GBR 2013"]
[Site "Torquay ENG"]
[Date "2013.08.06"]
[Round "8.11"]
[White "Flear,G"]
[Black "Yeo,M"]
[Result "1-0"]
[WhiteElo "2456"]
[BlackElo "2170"]

1.d4 d5 2.c4 dxc4 3.e4 Nc6 4.d5 Ne5 5.Bf4 Ng6 6.Be3 Nf6 7.Nc3 e5 8.Bxc4 a6
9.f3 Bd6 10.Nge2 Nh5 11.O-O Nhf4 12.g3 Nh3+ 13.Kh1 f5 14.exf5 Bxf5 15.Bd3 O-O
16.Bxf5 Rxf5 17.Ne4 Qd7 18.N2c3 Re8 19.Rc1 h5 20.Qa4 Qxa4 21.Nxa4 Ne7 22.Kg2 Nxd5
23.Bd2 Nhf4+ 24.gxf4 exf4 25.Rfe1 Be7 26.a3 Bh4 27.Re2 Re7 28.Nac3 Ne3+ 29.Bxe3 fxe3
30.Rd1 Bg5 31.Rd5 Ree5 32.Rxe5 Rxe5 33.Nxg5 Rxg5+ 34.Kf1  1-0

[Event "22nd ZMDI Open 2013"]
[Site "Dresden GER"]
[Date "2013.08.12"]
[Round "3.1"]
[White "Meier,Geo"]
[Black "Donchenko,Alexa"]
[Result "1-0"]
[WhiteElo "2610"]
[BlackElo "2476"]

1.d4 d5 2.c4 dxc4 3.e4 e5 4.Nf3 Bb4+ 5.Bd2 Bxd2+ 6.Nbxd2 exd4 7.Bxc4 Nc6
8.O-O Qf6 9.e5 Qg6 10.Nb3 Bh3 11.Nh4 Qg4 12.Qf3 Qxf3 13.Nxf3 Bg4 14.Ng5 Nh6
15.h3 Bf5 16.f4 Rd8 17.Rf2 f6 18.exf6 gxf6 19.Ne6 Bxe6 20.Bxe6 Ke7 21.Re1 Rhe8
22.Nc5 Kf8 23.Nxb7 Rd5 24.Rc2 Nb4 25.Rxc7 d3 26.f5 Rxf5 27.Nc5 d2 28.Rd1 Rxc5
29.Rxc5 Rxe6 30.Rxd2 Nc6 31.Rd7 Nf7 32.Rc7 Nfd8 33.b4 a6 34.b5 axb5 35.Rxb5 Re2
36.Rxh7 Rxa2 37.Rf5 Nf7 38.Rxf6 Ne5 39.Rf2 Ra4 40.Rh5 Kg7 41.Rhf5 Re4 42.R2f4 Re1+
43.Kh2 Nd6 44.Rg5+ Ng6 45.Ra4 Nf7 46.Rg3 Ne5 47.Ra6 Kf7 48.Rb3 Kg7 49.Kg3 Re4
50.Ra2 Rd4 51.Re2 Ra4 52.Kh2 Rd4 53.Rbe3 Kf6 54.Rf2+ Kg7 55.Rf5 Nd3 56.Rg3 Kh6
57.Rf6 Ne5 58.Re6 Rd5 59.Ra6 Rd4 60.Ra7 Re4 61.Raa3 Rd4 62.Rae3 Ra4 63.Re2 Rd4
64.Rge3 Rd5 65.Re4 Nf7 66.R2e3 Rd2 67.Re6 Rd5 68.Ra6 Ne5 69.Ra4 Rd2 70.Kg3 Rc2
71.Ra6 Rc5 72.Kh2 Rd5 73.Ra4 Rd2 74.Rae4 Rd5 75.h4 Nd3 76.Kg3 Nde5 77.Kh3 Nd3
78.Rf3 Nde5 79.Rf5 Nd3 80.Kg4 Nde5+ 81.Kh3 Nd3 82.Rf3 Nde5 83.Rfe3 Nd3 84.Kg3 Nde5
85.Ra3 Rc5 86.Kh3 Rc1 87.Ra6 Nd3 88.Rf6 Rc3 89.Kh2 Rc5 90.Ree6 Ne5 91.Kh3 Rd5
92.g3 Kg7 93.Rf5 Rc5 94.h5  1-0

[Event "18th Konik Morski"]
[Site "Rewal POL"]
[Date "2013.08.20"]
[Round "1.9"]
[White "Popiol,M"]
[Black "Wozniak,Mari"]
[Result "0-1"]
[WhiteElo "1871"]
[BlackElo "2028"]

1.d4 d5 2.c4 dxc4 3.e4 e5 4.Nf3 Bb4+ 5.Bd2 Bxd2+ 6.Nbxd2 exd4 7.Bxc4 Nc6
8.O-O Nf6 9.e5 Nd5 10.Nb3 Bg4 11.Bb5 Ne7 12.Nbxd4 Bxf3 13.Nxf3 O-O 14.Qe2 Qc8
15.Rad1 Qg4 16.h3 Qf5 17.Bd3 Qh5 18.Be4 Rae8 19.Qb5 Nd8 20.Rd7 c6 21.Qd3 Ng6
22.Bxg6 fxg6 23.Re1 Ne6 24.Rxb7 g5 25.Rxa7 g4 26.hxg4 Qxg4 27.Nh2 Qh4 28.g3 Qh5
29.Qc4 Rxf2 30.Ng4 Rd2 31.Qxc6 Qg6 32.Qe4 Qh5 33.Ra4 Ng5 34.Qc4+ Kh8 35.Re2 Rd1+
36.Kf2 Qh1  0-1

[Event "74th ch-ARM 1st League"]
[Site "Yerevan ARM"]
[Date "2013.08.24"]
[Round "4.1"]
[White "Harutyunian,T"]
[Black "Kotanjian,T"]
[Result "0-1"]
[WhiteElo "2334"]
[BlackElo "2500"]

1.d4 d5 2.c4 dxc4 3.e4 e5 4.Nf3 exd4 5.Bxc4 Nc6 6.O-O Bc5 7.Qb3 Qd7 8.e5 Qf5
9.Re1 Bb6 10.Ng5 Nd8 11.h3 Be6 12.Nxe6 fxe6 13.Bd3 Qf7 14.a4 a5 15.Nd2 Ne7
16.Nf3 h6 17.Re4 Ndc6 18.Bd2 O-O-O 19.Rc1 Nd5 20.Be1 Ndb4 21.Bc4 Rhe8 22.Bb5 Re7
23.Nd2 d3 24.g3 Nd4 25.Qc4 Nf3+ 26.Nxf3 Qxf3 27.Bxb4 Bxf2+  0-1

[Event "11th Kesan Open"]
[Site "Edirne TUR"]
[Date "2013.08.30"]
[Round "7.3"]
[White "Chighladze,I"]
[Black "Delchev,A"]
[Result "0-1"]
[WhiteElo "2385"]
[BlackElo "2631"]

1.d4 d5 2.c4 dxc4 3.e4 Nc6 4.d5 Ne5 5.Qd4 Ng6 6.Nf3 e5 7.dxe6 Bxe6 8.Nc3 Nf6
9.Bg5 Bb4 10.Bxf6 Qxf6 11.O-O-O Qf4+ 12.Nd2 Rd8 13.Qxa7 Bxc3 14.bxc3 O-O
15.g3 Qf6 16.Qe3 Ne5 17.Be2 Nd3+ 18.Bxd3 Rxd3 19.e5 Qe7 20.Qa7 Rxc3+ 21.Kb2  0-1

[Event "21st Honor to National Resistance"]
[Site "Nikaia GRE"]
[Date "2013.09.01"]
[Round "8.15"]
[White "Noutsos,S"]
[Black "Bellos,E"]
[Result "1-0"]
[WhiteElo "1966"]
[BlackElo "1675"]

1.d4 d5 2.c4 dxc4 3.e4 e5 4.d5 Nf6 5.Nc3 b5 6.Bg5 Bc5 7.Bxf6 Qxf6 8.Nf3 Qb6
9.Qc2 Bd4 10.a4 bxa4 11.Bxc4 O-O 12.O-O Bd7 13.Nxd4 exd4 14.Nxa4 Bxa4 15.Rxa4 c5
16.e5 Re8 17.e6 fxe6 18.dxe6 Re7 19.Qe4 Qc6 20.Qc2 a5 21.Rfa1 Qb6 22.Bd5 Raa7
23.Rxd4 Na6 24.Rh4 h6 25.Bc4 Nb4 26.Qg6 Kh8 27.Rd1 Qb8 28.Qf5 Qe8 29.Rf4 Rac7
30.Qe5 Rc8 31.h3 Qa4 32.b3 Qe8 33.Ra1 Qd8 34.Rf7 Rxf7 35.exf7 Qf6 36.Qe8+  1-0

[Event "74th ch-ARM 1st League"]
[Site "Yerevan ARM"]
[Date "2013.09.03"]
[Round "13.2"]
[White "Petrosyan,M"]
[Black "Kotanjian,T"]
[Result "0-1"]
[WhiteElo "2312"]
[BlackElo "2500"]

1.d4 d5 2.c4 dxc4 3.e4 e5 4.Nf3 exd4 5.Bxc4 Nc6 6.O-O Bc5 7.Ng5 Nh6 8.Nxf7 Nxf7
9.Bxf7+ Kxf7 10.Qh5+ g6 11.Qxc5 Qe7 12.Qc2 Re8 13.Nd2 Nb4 14.Qd1 c5 15.a3 Nc6
16.b4 b6 17.Bb2 Kg8 18.Rc1 Ne5 19.Qb3+ Be6 20.Qg3 Bf7 21.f4 Nd7 22.e5 Bd5
23.Nf3 Nf8 24.f5 Bxf3 25.Rxf3 Qxe5 26.f6 Kf7 27.Qh4 h5 28.Rcf1 Rad8 29.Bc1 d3
30.Re3 Qd4 31.Qf2 Re6 32.bxc5 d2 33.Rxe6 Nxe6 34.Bxd2 Qxd2 35.Qf3 Qd5 36.cxb6 Qxf3
37.Rxf3 axb6 38.Rb3 Rd6 39.a4 Kxf6 40.Ra3 Nc5  0-1

[Event "12th Izmir Open"]
[Site "Izmir TUR"]
[Date "2013.09.05"]
[Round "6.2"]
[White "Fier,A"]
[Black "Gholami,A"]
[Result "1-0"]
[WhiteElo "2592"]
[BlackElo "2187"]

1.d4 d5 2.c4 dxc4 3.e4 Nf6 4.e5 Nd5 5.Bxc4 e6 6.Nf3 Be7 7.O-O O-O 8.Nc3 Nxc3
9.bxc3 b6 10.Qe2 a5 11.Qe4 Ba6 12.Bb3 Bxf1 13.Bc2 g6 14.Qxa8 Bc4 15.Qe4 Nd7
16.Qg4 f5 17.exf6 Nxf6 18.Qh3 Bd6 19.Bh6 Rf7 20.Ne5 Bxe5 21.dxe5 Nd7 22.Rd1 Qe7
23.Qg3 Nf8 24.h4 Be2 25.Rd2 Bh5 26.Bb3 a4 27.Bxa4 c5 28.Rd6 Be2 29.h5 Bxh5
30.Bb3 Kh8 31.Bg5 Qc7 32.Bd8 Qc8 33.Bf6+ Kg8 34.Bc4 Qb7 35.Rd8 Qc6 36.Qh3 Rxf6
37.exf6  1-0

[Event "Svenska Cup 2013"]
[Site "Linkoping SWE"]
[Date "2013.09.07"]
[Round "5.2"]
[White "Johansson,Linus"]
[Black "Westerberg,J"]
[Result "1/2-1/2"]
[WhiteElo "2321"]
[BlackElo "2404"]

1.d4 d5 2.c4 dxc4 3.e4 e5 4.Nf3 exd4 5.Bxc4 Nc6 6.O-O Be6 7.Bb5 Bc5 8.Ng5 Qe7
9.Nxe6 Qxe6 10.Nd2 O-O-O 11.Qh5 Bb6 12.Bc4 Qg6 13.Bxf7 Qxh5 14.Bxh5 Nf6 15.Bd1 d3
16.Kh1 Ne5 17.f3 Rhf8 18.g3 Be3 19.Re1 Bf2 20.Rf1 Be3 21.Re1 Bf2 22.Rf1 Be3
23.Re1  1/2-1/2